000 00453nam a2200181Ia 4500
008 090124s9999 xx 000 0 und d
082 _b26514
100 _aरोकडे ल. स.
245 _a झळा
250 _a0
260 _bमधुर प्रकाशन
_c1988
300 _a176
600 _aरोकडे ल. स.
630 _a झळा
700 _aरोकडे ल. स.
730 _a झळा
942 _cBOOK
999 _c93984
_d93984